000 00715nam a2200277Ia 4500
005 20260324113018.0
008 008 260324s9999 xx 000 0 eng d
020 _a9781003514039
037 _aEBOOK
040 _aCRL
040 _beng
040 _cCRL
041 _2eng
041 _aeng
084 _qCRL
100 _aEduardo Alberto López-Maldonado; Amber R. Solangi; Fabio Granados-Chinchilla
_91145062
245 0 _aNanobiotechnology for Sustainable Food Management
260 _bTaylor and Francis
260 _c2024
365 _a
365 _b305
856 _uhttp://www.taylorfrancis.com/books/9781003514039
942 _cEBOOK
999 _c1734482
_d1734482